000 00754nas a2200241 4500
001 BR9703663
003 BR-BrBNA
005 20231205100355.0
007 ta
008 230509b bl.|||p| |||| 00| 00por d
040 _aBR-BrBNA
_bpor
_cBiblioteca Nacional de Agricultura
041 _a(Pt)
072 _aL60
100 1 _aRosa, R.S.
100 1 _aMenezes, N.A.
245 1 _aRelacao preliminar das especies de peixes (Pisces, Elasmobranchii, Actinopterygii)ameacadas no Brasil
650 _aPeixe
650 _aEspecie em Extincao
650 _aFauna Aquatica
773 0 _tRevista Brasileira de Zoologia (Brazil)
_xISSN 0101-8175
_g(Sep 1996), v. 13 p. 647-667
_wBR9703663
909 _a202311
_bLúcia
_c55
_dLúcia Elande
942 _2AGRIS
_n0
_cANA
999 _c155658
_d155658